| 000 | 00568nam a2200181Ia 4500 | ||
|---|---|---|---|
| 003 | OSt | ||
| 005 | 20260202101828.0 | ||
| 008 | 210210b1945 xxu||||| |||| 00| 0 eng d | ||
| 040 | _cAL | ||
| 041 | _aKannada | ||
| 082 | _a853/72 | ||
| 100 |
_aKSHIRA SAGARA _9160702 _dಕ್ಷೀರ ಸಾಗರ |
||
| 245 |
_aNishchithartha athava bhari chukki: _bನಿಶ್ಚಿತಾರ್ಥ ಅಥವಾ ಭರಿ ಚುಕ್ಕಿ |
||
| 260 |
_aBengaluru _bSatyashodhana Prakatana Mandira _c1945 |
||
| 690 |
_aKannada Drama _9160703 |
||
| 906 | _a019344 | ||
| 942 |
_2ddc _cBK |
||
| 999 |
_c143464 _d143464 |
||